000 00728nam a2200229Ii 4500
003 JO-AjNU
008 230605s9999||||xx |||||||||||||| ||und||
017 _a2002/14491
020 _a977-270-144-6
040 _aJO-AjNU
_bara
_erda
_cJO-AjNU
041 _aara
050 1 4 _aBP190.5 2003
100 3 _aأبو غدة، عبد الستار,
_eauthor
_913404
245 0 0 _aرب زدني علما: منهجية العلم في الإسلام
250 _aط1
264 3 1 _aالقاهرة: الدار المصرية اللبنانية، 2003
300 _a181ص
336 _atext
_btxt
_2rdacontent
337 _aunmediated
_bn
_2rdamedia
338 _avolume
_bnc
_2rdacarrier
650 4 _aالعلم والاسلام
_913405
999 _aA3329
_c6897
_d6897